Radiohead Lyrics With No Hints No.5 - Statistics

General Stats
  • This quiz has been taken 255 times
  • The average score is 52 of 138
Answer Stats
Lyric ♫ % Correct
I
97%
A
94%
a
94%
the
86%
and
60%
And
60%
we
58%
in
56%
me
54%
to
51%
what
44%
there
42%
There
42%
all
40%
All
40%
my
40%
of
40%
was
35%
with
34%
see?
33%
see
33%
were
33%
did
26%
little
20%
moon
19%
into
18%
nothing
18%
jumped
17%
river,
17%
river
17%
used
16%
angels
15%
boat
15%
fear
15%
full
15%
heaven
15%
past
15%
row
15%
stars
15%
swam
15%
went
15%
Black-eyed
13%
cars
13%
doubt
13%
futures
13%
lovers
13%
astral
12%
figures
8%
No matching quizzes found
Score Distribution
Percent of People with Each Score
Percentile by Number Answered
Your Score History
You have not taken this quiz